000 00302nam a22001337a 4500
008 180314b xxu||||| |||| 00| 0 eng d
020 _a9780273754282
041 _aeng
080 _a658
100 _a58
101 _aman
245 _aprinciples managerial finance
_cgitman.l.j
942 _2udc
_cBK
999 _c44994
_d44994